Представление документа в формате MARC21

ПолеНазваниеЗначение
  Тип записи a
  Библиографический уровень m
001 Контрольный номер RU/URAIT/598957
005 Дата корректировки 20260429163710.9
008 Кодируемые данные 260429s2026 RU y f j 000 0 rus u
020 Индекс ISBN __
a ISBN 978-5-534-11247-4
c Цена, тираж 1319.00
040 Источник каталогиз. __
a Служба первич. каталог. ИКО Юрайт
c Служба, преобразующая запись ИКО Юрайт
e Правила каталог. RCR
041 Код языка издания __
a Код языка текста rus
044 Код страны публикации __
a Код страны публикации RU
080 Индекс УДК __
a Индекс УДК 159.9(075.8)
084 Индекс другой классификации/Индекс ББК __
2 Источник индекса rubbk
a Индекс другой классификации/Индекс ББК 88я73
100 Автор __
a Автор Рождественский Д. С.
q Полное имя Рождественский Дмитрий Сергеевич
245 Заглавие __
a Заглавие Психосоматика: психоаналитический подход
b Продолж. заглавия учебник для вузов
c Ответственность Д. С. Рождественский.
250 Сведения об издании __
a Основные сведения об издании 2-е изд.
256 Характеристики компьютерного файла __
a Характеристики компьютерного файла Электрон. дан.
260 Выходные данные __
a Место издания Москва
b Издательство Юрайт
c Дата издания 2026
300 Физическое описание __
a Объем 235 с
440 Серия __
a Серия Высшее образование
500 Примечания __
a Примечание URL: https://urait.ru/bcode/598957 (дата обращения: 29.04.2026).
520 Аннотация __
a Аннотация Эта книга не о психосоматических заболеваниях, как можно было бы предположить, хотя речь в ней пойдет и о них также. Она посвящена особой инстанции человеческой личности, своего рода «внутреннему субъекту», существующему в каждом из нас — субъекту, у которого функции психики берет на себя тело. Автор следует психоаналитическому подходу на основе идей Ф. Александера — родоначальника психосоматики. Данная книга заняла первое место на конкурсе «Золотая Психея» 2010 года в номинации «Психологическое образование». Пособие предназначено для студентов и преподавателей вузов, а также может быть полезно всем интересующимся.
538 Прим. о системных особенностях __
a Прим. о системных особенностях Режим доступа: Электронно-библиотечная система Юрайт, для авториз. пользователей
653 Ключевые слова __
a Ключевые слова Психодиагностика. Психоанализ.
653 Ключевые слова __
a Ключевые слова Педагогика, психология, социальная работа
653 Ключевые слова __
a Ключевые слова Основы психосоматики
653 Ключевые слова __
a Ключевые слова Дифференциальная психосоматика: психодиагностика и психотерапия
653 Ключевые слова __
a Ключевые слова Психосоматика
653 Ключевые слова __
a Ключевые слова Основы психосоматики в практике психологического консультирования
653 Ключевые слова __
a Ключевые слова Психосоматика и психиатрия
653 Ключевые слова __
a Ключевые слова Психологическая реабилитация и практикум по психосоматике
653 Ключевые слова __
a Ключевые слова Основы психологии здоровья и психосоматики
856 Электронный адрес документа 40
n Местонахождение сервера Юрайт
g Электронная книга
q Тип электронного формата html
h Имя пользователя ЮРАЙТ
v Часы доступа к ресурсу 20271231
2 Способ доступа Показать документ
x Служебное примечание https://urait.ru/book/cover/EED9695D-DBAE-41EB-94DE-1790FA6C8CC0
u URL https://urait.ru/bcode/598957
856 Электронный адрес документа 48
q Тип электронного формата cover
u URL https://urait.ru/book/cover/EED9695D-DBAE-41EB-94DE-1790FA6C8CC0
911 __
u 0030=https://urait.ru/bcode/598957
911 __
u 073a=9785534112474
u 073d=1319.00
911 __
u 106a=s
911 __
u 900l=
952 Тип литературы __
i Дисциплина Основы психосоматики
952 Тип литературы __
i Дисциплина Дифференциальная психосоматика: психодиагностика и психотерапия
952 Тип литературы __
i Дисциплина Психосоматика
952 Тип литературы __
i Дисциплина Основы психосоматики в практике психологического консультирования
952 Тип литературы __
i Дисциплина Психосоматика и психиатрия
952 Тип литературы __
i Дисциплина Психологическая реабилитация и практикум по психосоматике
952 Тип литературы __
i Дисциплина Основы психологии здоровья и психосоматики